Evaluación y propuesta de mejoras del sistema de abastecimiento de agua potable de San Rafael del Sur

Presenta la evaluación y propuesta de mejoras del sistema de abastecimiento de agua potable de San Rafael del Sur, mediante la evaluación de la planta de tratamiento de agua potable El Salto que usa filtros lentos de arena como principal sistema de tratamiento para la localidad del San Rafael del...

Full description

Bibliographic Details
Main Authors: Ayala Ayala, Ligia Isabel, Gonzáles López, Derick Antoni
Other Authors: Tutor: García Granados, Indiana
Format: Tesis Section = Libro
Language:Undetermined
Spanish
Published: Managua UNI 1999
Subjects:
LEADER 01557nam a2200277Ia 4500
008 240830s9999 xx 000 0 und d
040 |a BIBLIOTECA-RUPAP Mon 628.1 A973 
041 |a spa 
082 |a Mon 628.1 A973 
100 1 |a Ayala Ayala, Ligia Isabel 
100 1 |b  Gonzáles López, Derick Antoni 
245 1 0 |a Evaluación y propuesta de mejoras del sistema de abastecimiento de agua potable de San Rafael del Sur 
260 |a Managua  |b UNI  |c 1999 
300 |a 62 p. :il. 
500 |a Contiene: anexos. 
502 |a Tesis (Ingeniero Civil)- UNI, 1999. 
520 3 |a Presenta la evaluación y propuesta de mejoras del sistema de abastecimiento de agua potable de San Rafael del Sur, mediante la evaluación de la planta de tratamiento de agua potable El Salto que usa filtros lentos de arena como principal sistema de tratamiento para la localidad del San Rafael del Sur, se analizó los parámetros de la calidad del agua, porcentajes de remoción y se compararon con los establecidos en las normas internacionales, se evaluó el diseño, funcionamiento, criterios de operación, mantenimiento de la planta de tratamiento y el acueducto en estudio y se propuso un prediseño de mejoramiento para la planta que cumpla con la demanda de agua y con los estándares de calidad. 
650 7 |a ABASTECIMIENTO DE AGUA 
650 7 |b AGUA POTABLE 
650 7 |c CALIDAD DEL AGUA 
650 7 |d AGUA-ANALISIS 
650 7 |e SANEAMIENTO-AGUA 
700 1 |a Tutor:  |b García Granados, Indiana 
942 |c BK  |2 ddc 
991 |a TESIS 
999 |c 16214